Beliefs | 10 | 17.00 | 80% | 70% | 20% |
Current Events | 3 | 23.33 | 100% | 100% | 33% |
Fine Arts - Auditory Fine Arts | 7 | 10.00 | 86% | 0% | 14% |
Fine Arts - Visual Fine Arts | 5 | 12.00 | 100% | 0% | 20% |
Geography | 2 | 15.00 | 100% | 0% | 50% |
History - American History | 6 | 13.33 | 100% | 17% | 17% |
History - European History | 5 | 22.00 | 100% | 80% | 40% |
History - World History | 5 | 14.00 | 80% | 60% | 0% |
Literature - American Literature | 6 | 18.33 | 100% | 83% | 0% |
Literature - British Literature | 7 | 15.71 | 86% | 71% | 0% |
Literature - European Literature | 7 | 18.57 | 86% | 86% | 14% |
Other Academic | 2 | 15.00 | 100% | 50% | 0% |
Other Arts: Auditory | 2 | 5.00 | 50% | 0% | 0% |
Other Arts: Visual | 3 | 13.33 | 100% | 33% | 0% |
Other Science: Astronomy | 1 | 10.00 | 100% | 0% | 0% |
Other Science: Math | 2 | 10.00 | 100% | 0% | 0% |
Philosophy | 5 | 18.00 | 100% | 80% | 0% |
Science - Biology | 3 | 10.00 | 100% | 0% | 0% |
Science - Chemistry | 7 | 10.00 | 71% | 29% | 0% |
Science - Physics | 7 | 14.29 | 86% | 43% | 14% |
Social Science | 3 | 23.33 | 100% | 67% | 67% |
| 9 | 16.67 | 89% | 67% | 11% |